Peonía
Spremljeno u:
| Glavni autor: | |
|---|---|
| Format: | Knjiga |
| Jezik: | španjolski |
| Izdano: |
Santiago, Chile
Zig-Zag
1949
|
| Serija: | Biblioteca de Novelistas
|
| Teme: | |
| Oznake: |
Dodaj oznaku
Bez oznaka, Budi prvi tko označuje ovaj zapis!
|
MARC
| LEADER | 00000nam a2200000 a 4500 | ||
|---|---|---|---|
| 001 | UCZ2435 | ||
| 003 | CL-VaPUC | ||
| 005 | 20210921074544.0 | ||
| 008 | 951005e19490000CL |||||||||||||||||spa|d | ||
| 999 | |c 239035 |d 239033 | ||
| 040 | |c Pontificia Universidad Católica de Valparaíso | ||
| 082 | 0 | 4 | |a 813 BUC 1949 |2 21 |
| 100 | 0 | |a Buck, Pearl S |9 346197 | |
| 245 | 1 | 0 | |a Peonía |
| 260 | 0 | 3 | |a Santiago, Chile |b Zig-Zag |c 1949 |
| 300 | |a 389 páginas | ||
| 490 | 0 | |a Biblioteca de Novelistas | |
| 583 | |a last modification |c 19951005 00:00:00 |k Rodrigo Vera | ||
| 650 | 0 | |a Novelas estadounidenses |9 265217 | |
| 650 | 0 | |a Literatura estadounidense |9 317168 | |
| 942 | |c BK |2 ddc | ||
| 945 | |d 19951005 00:00:00 |a rbrito | ||
| 952 | |0 0 |1 0 |2 ddc |4 0 |6 813_000000000000000_BUC_1949 |7 0 |8 A |9 249816 |a BIBEDU |b BIBEDU |d 2019-11-18 |i 3137740 |o 813 BUC 1949 |p 3137740 |r 2019-11-18 |t 1 |w 2019-11-18 |y BK |k LIT | ||